| 000 | 01231nam a22003617a 4500 | ||
|---|---|---|---|
| 003 | CHAP | ||
| 005 | 20220329135112.0 | ||
| 008 | 971013s1972 r 00010 d | ||
| 010 | _a30962 | ||
| 011 | _a31934 | ||
| 035 | _a36046 | ||
| 040 | _cCHAP | ||
| 090 | _aTesis | ||
| 100 | 0 | 0 |
_aNavarro Garza, Hermilio. _980561 |
| 245 | _aComportamiento del sorgo (variedad Nyundo) con radiaciones gamma | ||
| 260 |
_aChapingo, Méx. : _bEl autor, _c1972 |
||
| 300 | _a48 h. | ||
| 502 | _aTesis (Ing. Agr. Esp. en Fitotecnia) -- ENA. Departamento de Fitotecnia | ||
| 590 |
_aALEPH _b10 _c20130110 _lUCH01 _h1253 |
||
| 590 |
_aBATCH-UPD _b10 _c20130110 _lUCH01 _h0001 |
||
| 590 |
_aBATCH-UPD _b10 _c20130110 _lUCH01 _h1209 |
||
| 590 |
_aBATCH-UPD _b10 _c20130409 _lUCH01 _h1936 |
||
| 590 |
_aBATCH-UPD _b10 _c20130410 _lUCH01 _h0749 |
||
| 590 |
_aBATCH-UPD _b10 _c20130914 _lUCH01 _h1837 |
||
| 590 |
_aCONVERSION _b10 _c20130109 _lUCH01 _h1318 |
||
| 650 | 1 | 4 |
_aRadiación _xEfecto en plantas. _993674 |
| 650 | 1 | 4 |
_aRayos gamma _xEfectos fisiológicos. _994860 |
| 650 | 1 | 4 |
_aSorgo _xFisiología y morfología. _9108671 |
| 901 | _aBK | ||
| 942 | _cFOLL | ||
| 949 |
_bBC _cTES _d-83142 _eTS1 _i36046 _si |
||
| 949 |
_bBC _cTES _d-83143 _eTS2 _fc.2 _i36046 _si |
||
| 999 |
_c30962 _d30962 |
||